000 00522nam a2200217Ia 4500
005 20250923145726.0
008 008 250917s9999 xx 000 0 eng d
037 _aTextual
040 _aDSWL
_beng
_cDSWL
041 _aeng
_2eng
084 _qDSWL
100 _aRoll, E.
_9838342
245 2 _aA History of economic thought
_cby E. Roll
250 _a4th
260 _aDelhi
_b Oxford
_c1973
300 _a626p.
365 _aINR
_b60.00
925 _g60.00
942 _cTEXL
999 _c1454845
_d1454845